Some issues in the design of monetary instruments for the operation of European Economic and Monetary Union

Saved in:
Bibliographic Details
Main Author: Enoch, Charles
Other Authors: Hilbers, Paul, Kovanen, Arto
Format: Book
Language:English
Published: Washington International Monetary Fund 1997
Series:IMF working paper WP/97/178
Subjects:
Tags: Add Tag
No Tags, Be the first to tag this record!

MARC

LEADER 00000nam a2200000 4500
001 c100749
005 20221124074952.3
041 0 |a eng 
044 |a US 
245 1 0 |a Some issues in the design of monetary instruments for the operation of European Economic and Monetary Union  |c Prepared by Charles Enoch, Paul Hilbers, and Arto Kovanen 
264 1 |a Washington  |b International Monetary Fund  |c 1997 
300 |a 23 s. 
490 1 |a IMF working paper  |v WP/97/178 
830 0 |a IMF working paper  |v WP/97/178 
610 2 0 |a nástroje finančné 
610 2 0 |a operácie bankové 
610 2 0 |a politika peňažná 
610 2 0 |a rezervy 
610 2 0 |a trh peňažný 
610 2 0 |a platby neobchodné 
610 2 0 |a platby obchodné 
610 2 0 |a Európska únia 
610 2 0 |a banky centrálne 
100 1 |a Enoch, Charles 
700 1 |a Hilbers, Paul 
700 1 |a Kovanen, Arto